Top 10 Città più popolose Provincia di Fermo - Statistics

Statistiche generali
  • Questo quiz è stato fatto 9 volte
  • Il punteggio medio è 4 su 10
Statistiche sulle risposte
Popolazione (ab.) Città % Corretto
36 905 Fermo
100%
25 324 Porto Sant'Elpidio
88%
15 957 Porto San Giorgio
75%
8 283 Monte Urano
38%
16 968 Sant'Elpidio a Mare
38%
3 709 Amandola
25%
3 287 Grottazzolina
25%
6 965 Montegiorgio
25%
13 153 Montegranaro
25%
3 395 Falerone
0%
Nessun quiz corrispondente trovato
Distribuzione punteggi
Percentuale di utenti per punteggio
Percentile per numero di risposta
I tuoi punteggi nel tempo
Non hai fatto questo quiz